000 00866nam a22002777a 4500
001 8862
003 FISKH
005 20251023145551.0
008 251023b cb ||||| |||| 00| 0 eng d
020 _a9780723287049
040 _aFISKH
_beng
_cFISKH
_dFISKH
050 _aPZ7
082 _a823.92
100 _aAstley, Neville
_eAuthor
245 _aPeppa goes skiing /
260 _aLondon :
_bLadybird Books ,
_c2014
300 _a20 unnumbered pages :
_bcolor illustrations ;
_c21 cm
505 _aE
520 _aPeppa and her friends are learning how to ski with Madame Gazelle, but who will win her special cup for skiing all the way down the mountain?
521 8 _a200
_bLexile estimate
521 8 _aE
_bRaz-Plus
650 _aChildren's book
_vEarly reader
700 _aBaker, Mark
_eAuthor
942 _2ddc
_cBK
_n0
999 _c8862
_d8862